00346nam a2200133Ia 45000010005000000080041000050200018000460820020000641000018000842450049001022600020001519010026001719990015001971267241024s9999 xx 000 0 und d a99934-56-05-5 aRD/861.44/S489m aHaffe Serulle 0aLos manuscritos de Alginatho, la otra Orilla bEd. Normac2006 a4/3/2011 4:49:57 p.m. c7861d7861